Eliminación por Categoría - Números - Estadísticas

Estadísticas generales
  • Esta prueba ha sido intentada 13.571 veces
  • La puntuación promedio es 16 de 20
Estadísticas de respuestas
Grupo # Categoría
% Correcto
Verde 100 Números entre 1 y 100
100%
Verde 50 ... que son pares
100%
Verde 20 ... cuyos dígitos suman 10 o más
92%
Verde 3 ... cuyo primer dígito es 7
89%
Naranja 100 Años entre 1900 y 1999
89%
Azul 13 Números que empiecen con una vocal
88%
Naranja 24 ... cuando se celebraron unas Olimpiadas
87%
Azul 7 ... que termine en un impar
86%
Naranja 17 ... con 4 dígitos distintos
83%
Naranja 5 ... que termine en 4
82%
Morado 168 Números primos menores de 1.000
80%
Azul 5 ... mayor que 50
78%
Morado 65 ... cuyo cuadrado es menor a 100.000
78%
Verde 1 y es semiprimo 74
78%
Naranja 1 y que es un libro famoso. 1984
76%
Azul 2 ... que es primo
74%
Azul 1 y que esté más cercano al 100 89
73%
Morado 40 ... con al menos 3 dígitos
58%
Morado 6 ... cuyo primer y último dígito sean iguales
52%
Morado 1 ... cuyo dígito central es 8 181
49%
No se encontraron pruebas coincidentes
Distribución de puntuación
Porcentaje de gente con cada puntuación
Porcentaje por número respondido
Historial de tus puntuaciones
No has intentado esta prueba.